Les clàusules socials en el servei d'ajuda a domicili (SAD) : Anàlisi de la província de Barcelona Anàlisi de la província de Barcelona

per Fuster García, Núria

Publicat: Barcelona : Diputació de Barcelona , 2024
Descripció física: 66 pàgines : gràfics ; 30 cm
Col·lecció: Projectes transformadors ; 25
Idioma: Català

MARC

LEADER 00000nam a22000007a 4500
001 28612
003 AGDB
005 20260324181527.0
008 241104b spa||||| |||| 00| 0 cat d
040 |a agdb  |b cat 
100 1 |a Fuster García, Núria  |9 69489  |e textos 
245 |a Les clàusules socials en el servei d'ajuda a domicili (SAD) :   |b Anàlisi de la província de Barcelona 
250 |a 1a edició:   |b abril de 2024 
260 |a Barcelona :   |b Diputació de Barcelona ;   |c 2024 
300 |a 66 pàgines :   |b gràfics ;   |c 30 cm 
490 |a Projectes transformadors ;   |v 25 
504 |a Referències bibliogràfiques (pàg. 66). 
650 0 |a Atenció domiciliària  |z Barcelona (Catalunya : Província)  |9 43156 
650 0 |a Atenció domiciliària  |v Estudi de casos  |9 70127 
650 0 |a Serveis socials  |x Barcelona (Catalunya : Província)  |9 36719 
710 |a Barcelona (Catalunya : Província).  |b Àrea de Sostenibilitat Social, Cicle de Vida i Comunitat  |4 coord. i direcció tècnica  |9 70555 
710 |a CoopSoc Laboratori d'Idees Socials  |9 71695  |e textos 
856 4 0 |u https://llibreria.diba.cat/cat/llibre/les-clausules-socials-en-el-servei-d-ajuda-a-domicili-sad_69892  |y Accés lliure (Llibreria de la Diputació de Barcelona) 
942 |2 udc  |c ARXIU  |n 1 
952 |0 0  |1 0  |4 0  |6 BIB1232  |7 1  |9 97509  |a Arxiu  |b Arxiu  |d 2024-11-04  |l 0  |o Bib-1232  |p 28612  |r 2024-11-04 00:00:00  |w 2024-11-04  |y ARXIU 
999 |c 129391  |d 129391